000 00800cam a2200253 4500
005 20160701143400.0
008 160701b sp ||||| |||| 00| 0 spa d
020 _a8487827071
050 0 4 _aDP63
_bH57 1993
245 0 3 _aLa Historia en el 92 /
_cJuan Pablo Fusi Aizpurua...[et al.] ; Juan Pablo Fusi, ed.
250 _a1a ed.
260 _aMadrid :
_bMarcial Pons,
_c1993
300 _a292 p. ;
_c21 cm.
504 _aIncluye índice
651 7 _2LEMB
_aEspaña
_xHistoria
700 1 _aFusi Aizpurua, Juan Pablo,
_ecoaut.
700 1 _aTusell, Javier,
_ecoaut.
700 1 _aJuliá, Santos,
_ecoaut.
700 1 _aBahamonde Magro, Ángel,
_ecoaut.
700 1 _aAspizúa, Jorge,
_ecoaut.
700 1 _aCachinero, Jorge,
_ecoaut.
700 1 _aJensen, Geoffrey,
_ecoaut.
942 _2lcc
_cLIB
999 _c61866
_d61866